000 01678cam a22004217a 4500
090 _c0
001 14428329
005 20081015075725.0
008 060626s2006 ne a 001 0 eng
010 _a 2006929940
015 _aGBA659707
_2bnb
016 7 _a013505314
_2Uk
020 _a0750669470
020 _a9780750669474
035 _a(OCoLC)ocm73951525
040 _aUKM
_cUKM
_dBAKER
_dDLC
042 _aukblsr
_alccopycat
050 0 0 _aTH6810
_b.T66 2006
082 0 4 _a697.043
_222
_bTOL
245 0 0 _aTolley's industrial and commercial gas installation practice /
_cEdited by Frank Saxon.
246 3 _aIndustrial and commercial gas installation practice
250 _a4th ed.
_brevised by Route One Training and Development Limited.
260 _aAmsterdam ;
_bElsevier Newnes,
_cc2006.
300 _avii, 579 p. :
_bill. ;
_c24 cm.
440 0 _aGas service technology ;
_vv. 3
500 _aPrevious ed.: 2000.
500 _aIncludes index.
650 0 _aGas appliances
_xInstallation.
650 0 _aGas appliances
_xMaintenance and repair.
700 1 _aSaxon, Frank,
_d1943-
710 2 _aRoute One Training and Development Limited.
856 4 1 _3Table of contents only
_uhttp://www.loc.gov/catdir/toc/fy0706/2006929940.html
856 4 2 _3Publisher description
_uhttp://www.loc.gov/catdir/enhancements/fy0708/2006929940-d.html
942 _2ddc
_cBB
999 _c10517
_d10517